ბათუმის შოთა რუსთაველის სახელმწიფო უნივერსიტეტის ბიბლიოთეკა

თხზულებანი:მინიატურები და ნოველები,მოთხრობები,პუბლიცისტური წერილები. (ბიბ.ჩანაწერი № 42607)

000 -LEADER
fixed length control field 01068nam a2200217Ia 4500
001 - CONTROL NUMBER
control field 9310
003 - CONTROL NUMBER IDENTIFIER
control field GE_BSU
008 - FIXED-LENGTH DATA ELEMENTS--GENERAL INFORMATION
fixed length control field 181216s||||||||xx |||||||||||||| ||und||
040 ## - CATALOGING SOURCE
Transcribing agency GE_BSU
080 ## - UNIVERSAL DECIMAL CLASSIFICATION NUMBER
Universal Decimal Classification number 821.353.1+821.353.1-32+821.353.1-92
100 ## - MAIN ENTRY--PERSONAL NAME
Personal name ლორთქიფანიძე,ნიკო
245 ## - TITLE STATEMENT
Title თხზულებანი:მინიატურები და ნოველები,მოთხრობები,პუბლიცისტური წერილები.
245 ## - TITLE STATEMENT
Statement of responsibility, etc. შემდგ:გივი ბოჯგუა;მხატვ:კარლო ფაჩულია;რედ:ე.პოლოლიკაშვილი
260 ## - PUBLICATION, DISTRIBUTION, ETC.
Place of publication, distribution, etc. თბილისი.
260 ## - PUBLICATION, DISTRIBUTION, ETC.
Name of publisher, distributor, etc. განათლება
260 ## - PUBLICATION, DISTRIBUTION, ETC.
Date of publication, distribution, etc. 1989
300 ## - PHYSICAL DESCRIPTION
Extent 478გვ;21სმ.
300 ## - PHYSICAL DESCRIPTION
Other physical details 1ფ.პორტრ.
653 ## - INDEX TERM--UNCONTROLLED
Uncontrolled term თხზულებანი:მინიატურები და ნოველები,მოთხრობები,პუბლიცისტური წერილები.
942 ## - ADDED ENTRY ELEMENTS (KOHA)
Koha item type წიგნი
ეგზემპლარები
Withdrawn status Lost status Damaged status Not for loan Date acquired Barcode Date last seen Price effective from Koha item type
        2018-12-17 32100 2018-12-17 2018-12-17 წიგნი
        2018-12-17 32187-8ლ 2018-12-17 2018-12-17 წიგნი